000 01741nam0a2200409 4500
001 RU\NLR\bibl\1876754
005 20260406000259.0
010 _a978-5-91967-055-1
_92000
021 _aRU
_b2012-17905
_91351
035 _a(nilc)LIBNET\0000212708
035 _aVOLOGDA\BIBL\0000005664
035 _a(NLR Aleph) 001866554
090 _a2603422
_c2603422
100 _a20120222d2012 |||y0rusy50 ca
101 0 _arus
102 _aRU
105 _aa |||||||||
200 1 _aЧудь
_e[антология поэзии Вологодского края. XXI век
_fсост.: Елена Виноградова и др.
_gгл. ред.: Валерий Синицын (Останкович)
_gхудож.: Алла Иванова, Антон Синицын]
205 _aИзд. 2-е, перераб. и доп.
210 _aВологда
_cПолиграф-Периодика
_d2012
215 _a447 с.
_cил.
_d17
686 _a84(2=Рус)6
_2rubbk
686 _aШ6(2=Р)8-5
686 _aШ6(2=Р)8-999
702 1 _4220
_7ca
_8rus
_aВиноградова
_bЕ. М.
_cпоэт
_f1962-
_gЕлена Михайловна
_953058
_3RU\NLR\auth\7770130
702 1 _4340
_7ca
_8rus
_aСиницын
_bВ. А.
_cпоэт
_gВалерий Александрович
_91830
_3RU\NLR\auth\7718754
702 1 _4040
_7ca
_8rus
_aИванова
_bА.
_cхудожник
_gАлла
_992768
_3RU\NLR\auth\77109843
702 1 _aСиницын
_bА.
_gАнтон
_4040
801 0 _aRU
_bВологодская ОУНБ
_c20120222
_gRCR
801 1 _aRU
_bВологодская ОУНБ
_c20120222
801 2 _aRU
_bNLR
_c20120302
_grcr
942 _cBOOK
980 _aNB
980 _aNBR